| 000 | 00486nam a22001577a 4500 | ||
|---|---|---|---|
| 003 | NUST | ||
| 082 | _a200 | ||
| 100 |
_aKhurshid, Komal _997771 |
||
| 245 |
_aLatency Optimization in Hybrid Access Networks / _cKomal Khurshid |
||
| 264 |
_aIslamabad : _bSEECS, NUST, _c2022. |
||
| 300 | _a37 p. ; | ||
| 650 |
_aMS-Electrical Engineering _923567 |
||
| 700 |
_aSupervisor: Dr. Syed Ali Hassan _996705 |
||
| 856 | _uhttp://10.250.8.41:8080/xmlui/handle/123456789/30076 | ||
| 942 |
_2ddc _cSC |
||
| 999 |
_c591162 _d591162 |
||